Statistics for Non-Country Flags #1

Click here to take the quiz!

General Stats

  • This quiz has been taken 188 times
  • The average score is 9 of 15

Answer Stats

Answer% Correct
Tibet
86%
Alaska
77%
Hawaii
77%
Northern Ireland
75%
Somaliland
69%
Transnistria
67%
Canary Islands
64%
Easter Island
62%
Berlin
57%
Ceuta
53%
Cairo
48%
Hokkaido
48%
Melilla
35%
Svalbard
26%
Liberland
25%

Score Distribution

Percentile by Number Answered

Percent of People with Each Score

Your Score History

You have not taken this quiz